000 00550nam a2200181Ia 4500
008 090124s9999 xx 000 0 und d
082 _b7647
100 _aसिनकर श्रीकांत
245 _a साय़ोनारा
250 _a1
260 _bमीनल प्रकाशन
_c1976
300 _a95
600 _aसिनकर श्रीकांत
630 _a साय़ोनारा
700 _aसिनकर श्रीकांत
730 _a साय़ोनारा
942 _cBOOK
999 _c84834
_d84834